LDR 01204naa#a2200217#i#450# 001 EN\RIOR\bibl\126479 005 20260629083148.1 011 ## _a2409-6024 100 ## _a20260530b2026####ek#y0engy0150####ca 102 ## _aRU 200 1# _aStrategic Positioning of Universities in the AI Era Through the Prism of Organizational Barriers and Dynamic Capabilities of Digital Transformation _eJournal article 210 1# _aMoscow _cPublishing Center RIOR _d2026 215 ## _a13 с. 606 ## _aЭкономика и бухгалтерский учет (по отраслям). 38.02.01 _2local 608 ## _aJournal article _2local 675 ## _aРегиональная (территориальная) экономика. Земельный (аграрный) вопрос. Жилищное хозяйство. 332 _z 686 ## _aОбщ. эк. теория. Ист. эк. мысли. Эк. география. Упр-е эк-й. Эк. стат-ка. Учет. Эк анализ. 650 _2bbk 686 ## _aЭкономика. Бухгалтерский учет. Финансы. 77 _2tbk 686 ## _aУчетно-экономические науки. 06.35 _2grnti 700 #1 _aLoskutova _gMayya Alekseevna 856 4# _arusjm.ru _u